000 00817cab a2200241 4500
001 ABS58670
008 090401t1998 xxu||||| |||| 00| 0 eng d
035 _a(Sirsi) u86670
041 _aeng
100 _aCarpenter, A.
245 _aBalance of power
260 _c1998
350 _a0
490 _aProperty Week
_v63(7) 29 May 1998, 30-31(2)
520 _aReports on a project by Hyndburn Borough Council to develop the UK`s first public zero-rating energy building. Explains how the construction will be designed so that it will produce as much energy as it consumes.
650 _aENERGY EFFICIENT BUILDINGS
650 _aLOW ENERGY BUILDINGS
650 _aTEMPERATURE CONTROL
650 _aZERO-RATED BUILDINGS
690 _aBUILDING AND CONSTRUCTION-ENERGY
942 _n0
948 _c08/06/1998
999 _c54577
_d54577